| 000 | 00745cam a2200229 a 4500 | ||
|---|---|---|---|
| 001 | u14613 | ||
| 003 | SIRSI | ||
| 005 | 20180220093742.0 | ||
| 008 | 960919s1990 nyua 00 0 eng d | ||
| 020 | _a8185514003 | ||
| 039 | 9 |
_a200401111117 _beman _y200203190945 _zload |
|
| 040 | _aEAL. | ||
| 050 |
_aSB191.R5 _b.W53 1990 |
||
| 100 | 1 | 0 | _aWidawsky, David A. |
| 245 | 1 | 0 |
_aPrioritizing the rice biotechnology research agenda for Eastern India / _cDavid A. Widawsky and John C. O'Toole. |
| 260 | 0 |
_aNew York : _bThe Rockefeller Foundation, _cc1990. |
|
| 300 |
_a86 p. : _bill. (some col.) ; _c28 cm. |
||
| 650 | 0 |
_aRice _xBiotechnology. |
|
| 700 | 1 | 0 | _aO'Toole, John. |
| 596 | _a1 | ||
| 942 |
_cBK _2lcc |
||
| 999 |
_c22877 _d22877 |
||